000
00326nam a2200133Ia 4500
008
150201s2014 xx 000 0 und d
082
_a
612.015
_b
P2013S
100
_a
SHARMA .D.C
245
_a
POCKET DICTIONARY OF BIOCHEMISTRY
250
_a
1ST
260
_b
A.I.T.B.S PUBLISHERS
650
_a
BIOCHEMISTRY
942
_2
ddc
_c
BK
999
_c
4895
_d
4895